000 00679nam a2200193Ia 4500
003 GCL
008 140319s9999 xx 000 0 ara d
040 _aGCL /
_cGCL
082 0 4 _a341.44
_bس.ت
100 1 _aسليم حداد (مترجم)
245 1 0 _aالتنظيم القانونى للبحار والامن القومى العربى /
_cسليم حداد (مترجم)
260 _a[S.N] :
_bالمؤسسة الجامعية للدراسات والنشر والتوزيع ،
_c1994
300 _a256 ص
490 _a
650 0 4 _aالقانون
650 0 4 _aالقانون الدولى البحرى
650 0 4 _aالمياه الاقليمية
942 _2ddc
_cBK
999 _c54316
_d54316